Регионална библиотека "Любен Каравелов" - Русе

Обувни машини (Запис номер 185233)

MARC детайли
000 -Лидер
Контролно поле с фиксирана дължина 01565nam a2200337 c 4500
003 - Код на организацията, давaща контролен номер
Контролно поле BLK
005 - Дата и час на последна редакция
Контролно поле 20220722160931.0
008 - Елементи от данни с фиксирана дължина
fixed length control field 180411b bul|||||r ||||||| ||bul||
010 ## - Наследен системен номер
LC control number KNG00194226000
040 ## - Източник на каталожния запис
Идентификатор на билиотеката - собственик на записа BLK
041 ## - Код за език
Код за езика на текст/звукозапис или на отделно заглавие Български
Код за езика КДБФ Български
080 ## - УДК
Текстов определител УДК Обувна промишленост
УДК код - определител по УДК 685.3
УДК определител (075.8)
УДК - код + определител 685.3(075.8)
100 1# - Редна дума - Автор
Автор Иванов, Крум Ат.
Авторска отговорност първи автор
R(LIN) 343757
139 ## - Редно поле
Редна дума Иванов, Крум Ат. и др.
Авторски знак Иванов - И 21
245 10 - Сведения за заглавието
Заглавие Обувни машини
Подзаглавни данни Учебник за II курс на техникумите по обувно производство : Ч. 1 -
Редно поле (дума) Крум Ат. Иванов; съавт. Христо К. Стоименов; съавт. Никола Д. Глушков.
Том Ч. 1
250 ## - Област на изданието
Сведения за изданието 5. прераб. изд.
257 ## - Страна на издаване
Страна на създаване/издаване България
260 ## - Област на издателските данни
Име на издателя, разпространителя и проч. Техника
Година на издаване 1973 -
Печатница Враца : В. Александров
Място на издаване, разпространение и проч. София
300 ## - Физическа характеристика
Размери/Мащаб 23 см
380 ## - Жанр
Жанр Техника
500 ## - Общи забележки
Забележка 1. изд. 1958. - Предходните изд. предназначени за II и III курс. - 1 560 тир.
650 #4 - Допълнително описание по предмет – тема
Основно описание – тема или топоним Обувна промишленост - България
9 (RLIN) 164583
700 1# - Други автори (авторска отговорност)
Лично име Стоименов, Христо К.
Автороска отговорност (Описва отношението между автора и произведението) съавт.
9 (RLIN) 343758
700 1# - Други автори (авторска отговорност)
Лично име Глушков, Никола Д.
Автороска отговорност (Описва отношението между автора и произведението) съавт.
9 (RLIN) 343759
760 1# - Описание на основната серия
Редна дума на основното описание Иванов, Крум Ат.
Издание 5. прераб. изд.
Място на издаване, издател и година 1973
Страници - том 355 с.: с ил., 5 л. сх.
Заглавие Ч. 1
852 ## - Местоположение
Форматна сигнатура Цб 66850
856 4# - Електронен адрес и достъп
Електронен формат pdf - файл
856 4# - Електронен адрес и достъп
Електронен формат pdf - файл
999 ## - СИСТЕМНИ КОНТРОЛНИ НОМЕРА
Koha biblionumber 185233
Koha biblioitemnumber 185233
942 ## - АРТИКУЛИ
Вид на библиотечния материал Книги
Скрит в OPAC Не
Периодичен библиозапис Да
944 ## - СЪЗДАВАНЕ И РЕДАКЦИЯ на ЗАПИСА
Създаване/Редакция Създаване
Дата на регистрацията/редакция 21.10.2016
Служител, извършил регистрацията/редакцията Грета_Цуфелде
944 ## - СЪЗДАВАНЕ И РЕДАКЦИЯ на ЗАПИСА
Създаване/Редакция Редакция
Дата на регистрацията/редакция 21.10.2016
Служител, извършил регистрацията/редакцията Грета_Цуфелде
999 ## - СИСТЕМНИ КОНТРОЛНИ НОМЕРА
Koha biblioitemnumber 185233
Наличности
Код за отписване Код за изгубен артикул Източник на класификационната схема Код за повреда Коз за рестрикции Код за отдаване Артикулен № Име на библиотеката - собственик Име на библиотеката, в която се намира в момента Статус (Текущо местоположение) Дата на вписване в системата Местоположение - отдел Цена в лева Инвентарен номер Систематично азбучна сигнатура Баркод Номер на екземпляра Цена в евро Служебна бележка Служебен тип на артикула
  Не е изгубен Universal Decimal Classification Не е повреден без рестрикции ползва се в читалня 320732 Регионална библиотека "Любен Каравелов" Русе Регионална библиотека "Любен Каравелов" Русе Хранилище 1973-01-01 Хранилище 1.20 197499 Цб 66850 120000197499 1 0.61 N: стар фонд Дата: 01.01.1973 Книги
Изтеглен Не е изгубен Universal Decimal Classification Не е повреден без рестрикции заемане за дома 320733 Регионална библиотека "Любен Каравелов" Русе Регионална библиотека "Любен Каравелов" Русе Заемна - подръчен фонд 1973-01-01 Заемна - подръчен фонд 1.24 135388 П 685.3/И 21 135388 2 0.63 N: стар фонд Дата: 01.01.1973 Дата инв: 07.02.2018 Бележки инв: П2018 Книги
Vip Innovations Ltd, Rousse, Bulgaria 2025